Runaway jury/ (Record no. 248)

MARC details
000 -LEADER
fixed length control field 02093nam a2200301 a 4500
005 - DATE AND TIME OF LATEST TRANSACTION
control field 20260322212012.0
008 - FIXED-LENGTH DATA ELEMENTS--GENERAL INFORMATION
fixed length control field data
099 ## - LOCAL FREE-TEXT CALL NUMBER (OCLC)
Classification number DVD 580
001 - CONTROL NUMBER
control field data
100 1# - MAIN ENTRY--PERSONAL NAME
Personal name Fleder, Gary.
245 10 - TITLE STATEMENT
Title Runaway jury/
Statement of responsibility, etc. Gary Fleder ... [et al.].
250 ## - EDITION STATEMENT
Edition statement Regency Enterprises presents a New Regency production ; a Gary Fleder film ; screenplay by Brian Koppelman & David Levien and Rick Cleveland and Matthew Chapman ; produced by Arnon Milchan, Gary Fleder, Christopher Mankiewicz ; director, Gary Fleder. Music by Christopher Young ; music supervisor, Peter Afterman ; executive producer, Jeffrey Downer ; costume designer, Abigail Murray ; edited by William Steinkamp ; production designer, Nelson Coates ; director of photography, Robert Elswit.
260 ## - PUBLICATION, DISTRIBUTION, ETC.
Place of publication, distribution, etc. Beverly Hills, Calif. :
Name of publisher, distributor, etc. 20th Century Fox Home Entertainment,
Date of publication, distribution, etc. 2004.
300 ## - PHYSICAL DESCRIPTION
Extent DVD video 1 videodisc (127 min.) : sd., col. ;
Other physical details 4 3/4 in.
500 ## - GENERAL NOTE
General note Dual layer./ Based on the novel by John Grisham./ Originally released as a motion picture in 2003./ Participants: John Cusack, Gene Hackman, Dustin Hoffman, Rachel Weisz, Bruce Davison, Bruce McGill, Jeremy Piven, Nick Searcy./ Audience: MPAA rating: PG-13; for violence, language and thematic elements.
520 ## - SUMMARY, ETC.
Summary, etc. After a man dies in a shooting incident, his wife files a lawsuit against the company that manufactured the gun. Her lawyer argues that the firm in question knew the shop which sold the weapon was not following federal regulations. As the case goes to trial, the firearm manufacturer takes no chances on the outcome, and they hire Rankin Fitch a "jury consultant" who makes it his business to see that he knows enough about the jurors to be able to guarantee the result of the trial.
650 #0 - SUBJECT ADDED ENTRY--TOPICAL TERM
Topical term or geographic name entry element drama
650 #0 - SUBJECT ADDED ENTRY--TOPICAL TERM
Topical term or geographic name entry element legal films
700 1# - ADDED ENTRY--PERSONAL NAME
Personal name Koppelman, Brian.
700 1# - ADDED ENTRY--PERSONAL NAME
Personal name Levien, David H.
700 1# - ADDED ENTRY--PERSONAL NAME
Personal name Cleveland, Rick.
700 1# - ADDED ENTRY--PERSONAL NAME
Personal name Chapman, Matthew,; 1950-
700 1# - ADDED ENTRY--PERSONAL NAME
Personal name Milchan, Arnon.
700 1# - ADDED ENTRY--PERSONAL NAME
Personal name Mankiewicz, Christopher,; 1940-
700 1# - ADDED ENTRY--PERSONAL NAME
Personal name Cusack, John,
Dates associated with a name 1966-
700 1# - ADDED ENTRY--PERSONAL NAME
Personal name Hackman, Gene.
700 1# - ADDED ENTRY--PERSONAL NAME
Personal name Hoffman, Dustin,
Dates associated with a name 1937-
Holdings
Withdrawn status Lost status Damaged status Not for loan Home library Current library Shelving location Date acquired Total checkouts Full call number Barcode Date last seen Price effective from Koha item type
        Franklin Franklin General stacks 22/03/2026   GEN BC0010257 22/03/2026 22/03/2026 Books